<?xml version="1.0" encoding="UTF-8"?>
<record
    xmlns:xsi="http://www.w3.org/2001/XMLSchema-instance"
    xsi:schemaLocation="http://www.loc.gov/MARC21/slim http://www.loc.gov/standards/marcxml/schema/MARC21slim.xsd"
    xmlns="http://www.loc.gov/MARC21/slim">

  <leader>02347nas a22002417a 4500</leader>
  <datafield tag="999" ind1=" " ind2=" ">
    <subfield code="c">40818</subfield>
    <subfield code="d">40818</subfield>
  </datafield>
  <controlfield tag="005">20200521140023.0</controlfield>
  <controlfield tag="007">cz aa aaaaa</controlfield>
  <controlfield tag="008">200428c           f||poo|||| 00| 0 eng d</controlfield>
  <datafield tag="022" ind1=" " ind2=" ">
    <subfield code="a">2664-7257</subfield>
  </datafield>
  <datafield tag="040" ind1=" " ind2=" ">
    <subfield code="c">oclc</subfield>
  </datafield>
  <datafield tag="082" ind1=" " ind2=" ">
    <subfield code="a">796</subfield>
    <subfield code="b">JOU/PE</subfield>
  </datafield>
  <datafield tag="245" ind1=" " ind2=" ">
    <subfield code="a">International Journal of Physiology, Exercise and Physical Education</subfield>
    <subfield code="h">e-Journal (Open Access)</subfield>
  </datafield>
  <datafield tag="260" ind1=" " ind2=" ">
    <subfield code="b">Prime Publications</subfield>
    <subfield code="a">Delhi, India </subfield>
  </datafield>
  <datafield tag="300" ind1=" " ind2=" ">
    <subfield code="a">PDF(online)</subfield>
  </datafield>
  <datafield tag="310" ind1=" " ind2=" ">
    <subfield code="a">Semiannual</subfield>
  </datafield>
  <datafield tag="365" ind1=" " ind2=" ">
    <subfield code="e">Open Access</subfield>
  </datafield>
  <datafield tag="500" ind1=" " ind2=" ">
    <subfield code="a">International Journal of Physiology, Exercise and Physical Education is peer-reviewed journal publishing high quality research and review articles on all aspects of Adapted Physical Activity, Aerobic Exercise, Biophysical Investigation of Sports Performance, Combat Sports and Martial Arts, Design of sports Devices, Fitness-Tools Manufacturing Researches, Exercise Physiology, Games, Health Education, Individual Sports, Kinanthropometry, Kinesiology, Kinesiology, Market trends in sports, Military sports, Movement Science, Nutrition in Sports and Exercise, Philosophy of Sport, Physical Education, Physical Exercise and Health, Physical Fitness, Physiotherapy, Political Science of Sport, Sports Facilities, Sports History, Sports Information, Sports Medicine, Sports Therapy, Sports Injuries and Prevention (Spinal Injuries and Deformities, Rehabilitation, Arthoplasty, Arthritis, Autoimmune Connective Tissue Diseases &amp; Disorders, Cartilage Regeneration, Musculoskeletal Physiotherapy, Injury Management, Foot &amp; Ankle Disorders, Neuromotor Psychology, Neurorehabilitation Techniques, Orthopedics and Osteopathy, Muscle Hypertrophy), Sports Management, Sports Pedagogy, Sports Biomechanics, Sports Business &amp; Sports Development, Sports in public/private sector, Sports Law, Sports Management, Sports Nutrition, Sports Psychology, Sports Science, Sports Sociology, Sports Statistics, Sports Tourism, Sports Training, Strength and Conditioning, Stress Management, Training and Judgements, Trekking &amp; Bouldering, and Meditation &amp; Yogic Psychology.</subfield>
  </datafield>
  <datafield tag="650" ind1=" " ind2="0">
    <subfield code="9">2462</subfield>
    <subfield code="b">Arts &amp;amp; recreation</subfield>
    <subfield code="v">Recreational &amp;amp; performing art</subfield>
    <subfield code="x">Athletic &amp;amp; outdoor sports &amp;amp; games</subfield>
  </datafield>
  <datafield tag="651" ind1=" " ind2="0">
    <subfield code="9">2254</subfield>
    <subfield code="a">India</subfield>
  </datafield>
  <datafield tag="655" ind1=" " ind2="0">
    <subfield code="9">2257</subfield>
    <subfield code="a">e-Journal</subfield>
  </datafield>
  <datafield tag="856" ind1=" " ind2=" ">
    <subfield code="u">http://www.physicaleducationjournals.com/</subfield>
  </datafield>
  <datafield tag="942" ind1=" " ind2=" ">
    <subfield code="2">ddc</subfield>
    <subfield code="c">EJ</subfield>
    <subfield code="h">796</subfield>
    <subfield code="k">796</subfield>
    <subfield code="m">JOU/PE</subfield>
  </datafield>
</record>
